Mestský park Bratislava - filiálka

Guardado en:
Detalles Bibliográficos
Autor principal: Gažo, Matej (Autor)
Otros Autores: Gál, Peter (Orientador)
Formato: Manuscrito Libro
Lenguaje:eslovaco
Publicado: 2016
Materias:
Acceso en línea:http://is.stuba.sk/zp/portal_zp.pl?podrobnosti=117551
Etiquetas: Agregar Etiqueta
Sin Etiquetas, Sea el primero en etiquetar este registro!

MARC

LEADER 00000ntm a22000003a 4500
001 stuzp57292
003 SK-STU
005 20160719155220.9
007 ta
008 150427s2015----xo-----f-mn---000-0-slo-d
040 |a STU  |b slo 
041 0 |a slo 
100 1 |a Gažo, Matej  |u 057170  |4 aut  |U FAD Fakulta architektúry  |T FA Ústav krajinnej a záhradnej architektúry  |X 43956  |U A7170  |Y 398  |7 A000043956 
242 0 1 |a Mestský park Bratislava - filiálka  |y eng 
245 1 0 |a Mestský park Bratislava - filiálka 
260 |c 2016 
650 4 |a história  |2 slo 
650 4 |a koľajisko  |2 slo 
650 4 |a funkčnosť  |2 slo 
650 4 |a relax  |2 slo 
650 4 |a history  |2 eng 
650 4 |a yard  |2 eng 
650 4 |a public space  |2 eng 
650 4 |a recreation  |2 eng 
700 1 |a Gál, Peter  |4 ths  |X 495  |7 A000000495 
856 4 |u http://is.stuba.sk/zp/portal_zp.pl?podrobnosti=117551 
SQL |a stuzp57292  |b DDP  |c SLO  |d Mestský park Bratislava - filiálka  |e 43956  |f Gažo, Matej  |g 057170  |h 495  |i Gál, Peter  |j 20160614  |k 580  |l 01  |m http://is.stuba.sk/zp/portal_zp.pl?podrobnosti=117551  |n I-KKP  |o 6.1.11. krajinárstvo